US States Size Compared to Countries - Statistics

General Stats
  • This quiz has been taken 55 times
  • The average score is 23 of 50
Answers on the Map
Answers color-coded by a green-red scale on the quiz's map according to % correct below.
 
Answer Stats
State Country % Correct
Maine Portugal
67%
California Iraq
64%
Montana Japan
62%
Alabama Greece
59%
Louisiana Greece
59%
Colorado New Zealand
59%
New Mexico Poland
59%
Minnesota Laos
54%
Idaho Guyana
51%
Kansas Guyana
51%
Utah Guyana
51%
Indiana Hungary
51%
Wisconsin Suriname
51%
Missouri Syria
51%
Washington Syria
51%
North Dakota Cambodia
49%
Oklahoma Cambodia
49%
Nevada Ecuador
49%
Michigan Guinea
49%
Oregon Guinea
49%
Wyoming Guinea
49%
West Virginia Latvia
49%
Texas Myanmar
49%
Massachusetts Haiti
46%
Kentucky Iceland
46%
Maryland Moldova
46%
Georgia Nepal
46%
Illinois Nepal
46%
Florida Uruguay
46%
Nebraska Kyrgyzstan
44%
South Dakota Kyrgyzstan
44%
Alaska Libya
44%
New Jersey Slovenia
44%
South Carolina United Arab Emirates
44%
Virginia Bulgaria
41%
Ohio Eritrea
41%
Arkansas Tajikistan
41%
New York Tajikistan
41%
North Carolina Tajikistan
41%
New Hampshire Djibouti
38%
Iowa Bangladesh
36%
Vermont North Macedonia
36%
Arizona Philippines
36%
Connecticut East Timor
33%
Mississippi Nicaragua
33%
Tennessee Guatemala
31%
Pennsylvania Malawi
31%
Delaware Brunei
28%
Rhode Island Cape Verde
28%
Hawaii Equatorial Guinea
28%
No matching quizzes found
Score Distribution
Percent of People with Each Score
Percentile by Number Answered
Your Score History
You have not taken this quiz